| 000 | 00669nam a2200229Ia 4500 | ||
|---|---|---|---|
| 003 | GCL | ||
| 008 | 140319s9999 xx 000 0 ara d | ||
| 040 |
_aGCL / _cGCL |
||
| 082 | 0 | 4 |
_a953.071 _bا م |
| 100 | 1 | _aابوسعيد المغربى | |
| 245 | 1 | 0 |
_aالمغرب فى تاريخ المغرب / _cابوسعيد المغربى |
| 260 |
_a[S.N] : _bدار المعارف |
||
| 300 | _a571 ص | ||
| 490 |
_aذخائر العرب _v0 |
||
| 650 | 0 | 4 | _aالاسلام |
| 650 | 0 | 4 | _aالاندلس |
| 650 | 0 | 4 | _aالمغرب |
| 650 | 0 | 4 | _aالتاريخ الاسلامى |
| 650 | 0 | 4 | _aالتاريخ |
| 650 | 0 | 4 | _aالمغرب العربى |
| 942 |
_2ddc _cBK |
||
| 999 |
_c58801 _d58801 |
||